Normal view
MARC view
- Rasheed , Bilal NC ( TE-38/TCC-13)
Entry Personal Name
001 - CONTROL NUMBER
- control field: 131337
003 - CONTROL NUMBER IDENTIFIER
- control field: NUST
005 - DATE AND TIME OF LATEST TRANSACTION
- control field: 20251021131609.0
008 - FIXED-LENGTH DATA ELEMENTS
- fixed length control field: 251021|| aca||aabn | a|a d
040 ## - CATALOGING SOURCE
- Original cataloging agency: NUST
- Transcribing agency: NUST
100 ## - HEADING--PERSONAL NAME
- Personal name: Rasheed , Bilal NC ( TE-38/TCC-13)
670 ## - SOURCE DATA FOUND
- Source citation: Work cat.: (NUST)183312: Rasheed , Bilal NC ( TE-38/TCC-13), Optimal communication system design /, 2005
